000 00535nam a2200193Ia 4500
003 GCL
008 140319s9999 xx 000 0 eng d
040 _aGCL /
_cGCL
082 0 4 _a658.452
_bB P
100 1 _aBECKER, DENNIS
245 1 0 _aPOWERFUL PRESENTATION SKILIS /
_cBECKER, DENNIS
700 1 _aBECKER, PAULA BORKUM
260 _a[S.N] :
_bBUSINESS ONE IRWIN\MIRROR PRESS ،
_c1994
300 _a76 P
490 _aTHE BUSINESS SKILLS EXPRESS SERIES
_v0
650 0 4 _aBUSINESS
650 0 4 _aPRESENTATIONS
942 _2ddc
_cBK
999 _c20448
_d20448